Movies Quiz

Random Movies or Director Quiz

Franchise Directors Quiz Stats

 Plays Quiz not verified by Sporcle

Also try: Franchise Actors
Challenge
Share
Tweet
Embed
Score 0/18 Timer 03:00
0 Plays Today
Franchise Director % Correct
Indiana JonesSteven Spielberg
97.8%
Star Wars George Lucas
97.2%
Lord of the RingsPeter Jackson
93.8%
The Godfather Francis Ford Coppola
90.7%
BatmanChristopher Nolan
90.4%
TransformersMichael Bay
89.2%
Spider-ManSam Raimi
87.3%
Back to the FutureRobert Zemeckis
81.4%
RockySylvester Stallone
81.1%
Franchise Director % Correct
The MatrixWachowski Brothers
77.4%
ScreamWes Craven
75.2%
Dollars Trilogy (Man with No Name)Sergio Leone
73.7%
Ocean's TrilogySteven Soderbergh
72.1%
Pirates of the CaribbeanGore Verbinski
63.5%
Harry PotterDavid Yates
55.7%
Rush HourBrett Ratner
51.7%
Austin PowersJay Roach
46.7%
Lethal WeaponRichard Donner
45.8%

You're not logged in!

Compare scores with friends on all Sporcle quizzes.
OR
Log In

You Might Also Like...

Show Comments

Extras

Created May 17, 2010ReportNominate
Tags:Director Quiz, franchise, least, three

Top Quizzes Today


Score Distribution

Your Account Isn't Verified!

In order to create a playlist on Sporcle, you need to verify the email address you used during registration. Go to your Sporcle Settings to finish the process.

Report this User

Report this user for behavior that violates our Community Guidelines.

Details: